Statistics for Ports of México

Click here to take the quiz!

General Stats

  • This quiz has been taken 154 times
  • The average score is 9 of 15

Answer Stats

HintAnswer% Correct
Quintana RooCancun
88%
GuerreroAcapulco
87%
VeracruzVeracruz
80%
JaliscoPuerto Vallarta
77%
Baja California SurLa Paz
74%
SinaloaMazatlan
74%
TamaulipasTampico
72%
ColimaManzanillo
68%
Baja CaliforniaEnsenada
60%
SonoraGuaymas
59%
VeracruzCoatzacoalcos
45%
MichoacánLazaro Cardenas
45%
YucatanProgreso
39%
OaxacaSalina Cruz
33%
SinaloaTopolobampo
26%

Score Distribution

Percentile by Number Answered

Percent of People with Each Score

Your Score History

You have not taken this quiz